00392cam a22001337a 4500008004000000082001800040100001900058245007700077260002700154300001000181500000900191650004100200700001700241180718b1957 xxu||||| |||| 00| 0 eng d aA99 K528 A127 aAlexandrov, V. aKhrushchev of the Ukraine: a biographycby V. Alexandrov and Paul Selver aLondonbGollanczc1957 a176p. a15/- aKhrushchev, Nikita Sergeyevich, 1894 aSelver, Paul